Magyarország és Németország turizmuspolitikájának összehasonlítása
| Szerző: | |
|---|---|
| További közreműködők: | |
| Dokumentumtípus: | Diplomadolgozat |
| Kulcsszavak: | Turizmuspolitika Magyarország Németország |
| Online Access: | http://dolgozattar.uni-bge.hu/8473 |
MARC
| LEADER | 00000nta a2200000 i 4500 | ||
|---|---|---|---|
| 001 | dolg8473 | ||
| 005 | 20170127122821.0 | ||
| 008 | 161213suuuu hu om 000 hun d | ||
| 040 | |a BGE Dolgozattár Repozitórium |b hun | ||
| 041 | |a hu | ||
| 100 | 1 | |a Vasadi Barbara | |
| 245 | 1 | 0 | |a Magyarország és Németország turizmuspolitikájának összehasonlítása |c Vasadi Barbara |h [elektronikus dokumentum] |
| 695 | |a Turizmuspolitika | ||
| 695 | |a Magyarország | ||
| 695 | |a Németország | ||
| 700 | 1 | |a Tóth Dr. Zoltán |e ths | |
| 856 | 4 | 0 | |u http://dolgozattar.uni-bge.hu/8473/1/SZAKDOLGOZAT%20V%C3%89GLEGES.pdf |z Dokumentum-elérés |